Score 0/14 Timer 01:30
2 Plays Today
% Correct
Germany
97.4%
Deutschland
96%
Allemagne
88.7%
Jerman
87.3%
Almanya
81.9%
A' Ghearmailt
81%
Kelemānia
70.9%
% Correct
Njemačka
59.8%
Tyskland
59.1%
Tiamana
51.5%
Saksamaa
47.1%
Vokietija
46.5%
Déguó
44.7%
Siamane
36.7%

Today's Daily Dose

You're not logged in!

Compare scores with friends on all Sporcle quizzes.
OR
Log In

Sporcle TV

Today on Sporcle TV


Watch our educational content, quiz creation guides, and fun videos on Sporcle TV.

Show Comments

Extras

Top Quizzes Today


Score Distribution

Paid Content

Your Account Isn't Verified!

In order to create a playlist on Sporcle, you need to verify the email address you used during registration. Go to your Sporcle Settings to finish the process.

Report this User

Report this user for behavior that violates our Community Guidelines.

Details: